000 00721nam a2200277Ia 4500
003 OSt
005 20221007111046.0
006 a|||||r|||| 00| 0
007 ta
008 221006b |||||||| |||| 00| 0 eng d
024 _a22,473
037 _cTextual
040 _aLCO
_cLCO
_beng
041 _2eng
_aeng
082 _aX724:(Z), M2
100 _aChaturvedi K.
245 0 _aIncome Tax Law.V2
250 _a3rd
260 _aCalcutta
_bEastern Law House India
_c1982
300 _a1145-2245+109-187
490 _vVol.- 22
650 _aINCOME TAX
700 _a Pithisaria S.M.
942 _hX724:(Z), M2
_cTEXL
999 _c1192036
_d1192036